00420nam a2200169Ia 4500003000400000005001700004008004100021040000700062041001200069082001900081100002000100245004000120260003900160365001300199650001800212650002000230OSt20250929185334.0210423s1988 xx 000 0 und d cAL aEnglish a305.235 bCHOY aPaul Chowdhry D aYouth participation and development aNew DelhibAtma ram and sonsc1988 b200cINR aSocial Groups aSocial Sciences